000 01187nam a22003497a 4500
003 CHAP
005 20220329133812.0
008 971013s1972 r 00010 d
010 _a11119
011 _a12091
035 _a14074
040 _cCHAP
090 _aFolleto 589
100 0 0 _aMolina Aznar, Rubén.
_977335
245 1 _aSituación de arroz en México
260 _a(s.l.) :
_bFondo de Garantía y Fomento para la Agricultura, Ganadería y Avicultura,
_c1972
300 _a52 p.
590 _aBATCH-UPD
_b10
_c20130109
_lUCH01
_h2311
590 _aBATCH-UPD
_b10
_c20130110
_lUCH01
_h2222
590 _aBATCH-UPD
_b10
_c20130409
_lUCH01
_h1829
590 _aBATCH-UPD
_b10
_c20130410
_lUCH01
_h1520
590 _aBATCH-UPD
_b10
_c20130914
_lUCH01
_h0406
590 _aBATCH-UPD
_b10
_c20130914
_lUCH01
_h2119
590 _aCONVERSION
_b10
_c20130109
_lUCH01
_h1307
650 1 4 _aArroz
_xAspectos económicos.
_97562
650 1 4 _aArroz
_xMéxico.
_97635
901 _aBK
942 _cFOLL
949 _aFolleto 589
_bBC
_cFOLL
_d-148117
_eTS1
_i14074
_si
949 _aFolleto 589
_bBC
_cFOLL
_d-148118
_eTS2
_fc.2
_i14074
_si
949 _aFolleto 589
_bBC
_cFOLL
_d-148119
_eTS2
_fc.3
_i14074
_si
999 _c11119
_d11119